000 00662nam a2200241 i 4500
001 bg
100 1 _aSYLWESTRZAK, Hubert.
_d(1933-2009).
245 1 0 _aKaolin :
_bprzybysz z państwa środka /
_c[Hubert Sylwestrzak].
260 _aWarszawa :
_bPańst. Instytut Geologiczny,
_ccop. 1996.
300 _a11 s. :
_brys. ;
_c19 cm.
490 1 _a[Minerały] ;
_vz. 9
500 _aOpis wg okładki.
650 9 _aMinerały
830 0 _aMinerały ;
_vz. 9
830 _a[Minerały] ;
020 _a8386986123
040 _cBPK
041 0 _apl
080 _a553:549
920 _a83-86986-12-3
942 _cKS
008 s pl f |000 0 pol
999 _c33947
_d33947
856 _uhttp://koha.tu.koszalin.pl/cgi-bin/koha/opac-detail.pl?biblionumber=33947
_yKatalog online BPK